Statistiken für Hauptstädte der Welt Quiz

Klicken Sie hier um das Quiz zu spielen!

Allgemein

  • Dieses Quiz wurde 2.888 mal gespielt
    (2.748 seit der letzten Aktualisierung)
  • Das Durchschnittsergebnis liegt bei 109 aus 201

Antwortstatistiken

Europa% Korrekt
Berlin
94%
Paris
91%
Stockholm
89%
London
88%
Madrid
88%
Moskau
88%
Oslo
88%
Rom
88%
Wien
88%
Bern
87%
Brüssel
87%
Amsterdam
86%
Helsinki
86%
Lissabon
86%
Warschau
84%
Athen
83%
Dublin
83%
Kopenhagen
83%
Prag
83%
Budapest
82%
Luxemburg
82%
Peking
82%
Tokio
81%
Ankara
80%
Brasilia
80%
Bukarest
80%
Kairo
80%
Riga
80%
Kiew
79%
Canberra
77%
Washington DC
77%
Mexiko-Stadt
76%
Sofia
76%
Vaduz
76%
Minsk
75%
Reykjavík
75%
Monaco
74%
Zagreb
74%
Tunis
73%
San Marino
72%
Belgrad
71%
Buenos Aires
71%
Jerusalem
71%
Lima
71%
Ottawa
71%
Bratislava
70%
Tirana
70%
Vilnius
70%
Algier
69%
Vatikanstadt
69%
Seoul
68%
Wellington
68%
Bagdad
67%
Tallinn
66%
Teheran
66%
Andorra la Vella
65%
Sarajevo
65%
Bogotá
64%
Montevideo
64%
Neu-Delhi
64%
Nikosia
64%
Rabat
64%
Bangkok
63%
Havanna
63%
Skopje
63%
Kabul
62%
Ljubljana
62%
Caracas
61%
Riad
61%
Santiago de Chile
61%
Singapur
61%
Damaskus
60%
Islamabad
60%
Panama-Stadt
60%
Baku
59%
Hanoi
59%
Jakarta
59%
Manila
59%
Pretoria
59%
Priština
59%
Quito
59%
Astana
58%
Pjöngjang
58%
Valletta
58%
Chisinau
57%
Nairobi
57%
Tripolis
57%
Kuala Lumpur
56%
Beirut
55%
Podgorica
55%
Kingston
54%
Kuwait-Stadt
54%
Tiflis
54%
Ulan-Bator
54%
Abu Dhabi
53%
Sanaa
53%
San Salvador
53%
Dakar
52%
Dhaka
52%
Amman
51%
Doha
51%
Eriwan
51%
Georgetown
51%
Guatemala-Stadt
51%
Sucre
51%
Taipeh
51%
Asunción
50%
Kathmandu
50%
Taschkent
50%
Male
49%
Port-au-Prince
49%
Duschanbe
48%
Addis Abeba
47%
Bischkek
47%
Dschibuti
47%
Manama
47%
Maskat
47%
San José
47%
Accra
46%
Dili
46%
Freetown
46%
Luanda
46%
Mogadischu
46%
Nassau
46%
Kinshasa
45%
Managua
45%
Antananarivo
44%
Port-of-Spain
44%
Santo Domingo
44%
Belmopan
43%
Brazzaville
43%
Phnom Penh
43%
Abuja
42%
Kingstown
42%
Lomé
42%
Paramaribo
42%
Vientiane
42%
Aschgabat
41%
Colombo
41%
Khartum
41%
Lusaka
41%
Maputo
41%
São Tomé
41%
Suva
41%
Tegucigalpa
41%
Victoria
41%
Windhuk
41%
Asmara
40%
Harare
40%
Libreville
40%
Port Louis
40%
Port Moresby
40%
Bissau
39%
Bridgetown
39%
Juba
39%
Kampala
39%
Kigali
39%
Porto Novo
39%
Apia
38%
Banjul
38%
Dodoma
38%
Maseru
38%
St. George’s
38%
St. John's
38%
Bamako
37%
Basseterre
37%
Castries
37%
Mbabane
37%
Monrovia
37%
Ouagadougou
37%
Niamey
36%
Thimphu
36%
Bandar Seri Begawan
35%
Bangui
35%
Moroni
35%
Port Vila
35%
Praia
35%
Jaunde
34%
Lilongwe
34%
Malabo
34%
N'Djamena
34%
Roseau
34%
Conakry
33%
Funafuti
33%
Gaborone
33%
Yamoussoukro
32%
Yaren
32%
Ost-Jerusalem
31%
Palikir
31%
Majuro
30%
Naypyidaw
30%
Nouakchott
30%
Nuku'alofa
30%
Bujumbura
29%
Cayenne
29%
Honiara
29%
South Tarawa
29%
Melekeok
27%
El Aaiún
22%
Avarua
21%
Hargeysa
19%

Verteilung der Resultate

Perzentil nach korrekt beantworteten Fragen

Anzahl Personen mit jedem Resultat

Ihre Resultats-Entwicklung

Sie haben dieses Quiz seit der letzten Aktualisierung nicht gespielt